Treasure Of The Golden Skull (Record no. 574722)

MARC details
000 -LEADER
fixed length control field 00418nam a2200157 4500
008 - FIXED-LENGTH DATA ELEMENTS--GENERAL INFORMATION
fixed length control field 250703b |||||||| |||| 00| 0 eng d
020 ## - INTERNATIONAL STANDARD BOOK NUMBER
ISBN 9781408873106
Paper back/Hardbound Pbk
041 ## - LANGUAGE CODE
Language code of text/sound track or separate title Eng
082 ## - DEWEY DECIMAL CLASSIFICATION NUMBER
Classification number 813.6
Item number PRI
100 ## - MAIN ENTRY--AUTHOR NAME
Personal name Priestley Chris
245 ## - TITLE STATEMENT
Title Treasure Of The Golden Skull
Statement of responsibility, etc Chris Priestley
260 ## - PUBLICATION, DISTRIBUTION, ETC. (IMPRINT)
Place of publication London
Name of publisher Bloomsbury Children's Books
Year of publication 2018
300 ## - PHYSICAL DESCRIPTION
Number of Pages 272p
942 ## - ADDED ENTRY ELEMENTS (KOHA)
Koha item type English Books

No items available.

Find us on the map